00623nam a2200193 i 4500001000700000003000900007005001700016007000300033008004100036080001400077100003400091245012600125250001200251260004600263300003000309700003500339700003400374852002100408142643ES-MaACL20250520202130.0t|071009s1948 sp a |||| | spa d a86-94"19"1 aVilarrubias Solanes, Felio A.13aEl llanto de Europa / cFelio A. Vilarrubias ; con una carta-prólogo de J. Estelrich y un dibujo de Ramón de Capmany. a1ª ed. aBarcelona : bMontaner y Simón, c1948. a200 p. : bil. ; c21 cm.1 aCapmany, Ramon de, d1899-19920 aEstelrich, Joan (d1896-1958) aES-MaACLjC-5617